Представление документа в формате MARC21

Поле Инд. ПП Название Значение
Тип записи a
Библиографический уровень m
001 Контрольный номер dce5b832f59c4aedb8493727b4311455
005 Дата корректировки 20161226144614.4
008 Кодируемые данные 150212|||||||||ru |||||||||||||||||rus||
020 a ISBN 978-5-905316-25-8
041 0_ a Код языка текста rus
084 a Индекс другой классификации/Индекс ББК 60.56+74.48
090 a Полочн. индекс 60.5
x Авторский знак С 30
100 1_ a Автор Семенков В. Е.
245 10 a Заглавие Социология высшего образования: опыт учебного пособия
260 a Место издания Санкт-Петербург
b Издательство Архей
c Дата издания 2014
300 a Объем 103 с.
504 a Библиография Библиогр.: с. 100-103 и в тексте
650 04 a Основная рубрика Образование-Социология-Монографии
653 0_ a Ключевые слова Адекватность образования
a Ключевые слова Высшее образование
a Ключевые слова Высшие учебные заведения
a Ключевые слова Вузы
a Ключевые слова Знание исследовательское
a Ключевые слова Жизненные шансы
a Ключевые слова Идеология образования
a Ключевые слова Качество образования
a Ключевые слова Монографии
a Ключевые слова Образование
a Ключевые слова Профессионализм
a Ключевые слова Социология образования
a Ключевые слова Студенты
a Ключевые слова Уровень образования
901 t Тип документа m